000 00628nam a2200253Ia 4500
005 20260306154748.0
008 008 260114s9999 xx 000 0 eng d
020 _a9780511897320
037 _aEBOOK
040 _aCRL
040 _beng
040 _cCRL
041 _2eng
041 _aeng
084 _qCRL
100 _aSteen
_91128118
245 0 _aMathematical Logic with Special Reference to the Natural Numbers
260 _bCambridge University Press
260 _c2011
650 _a Philosophy
856 _uhttps://doi.org/10.1017/CBO9780511897320
942 _cEBOOK
999 _c1708884
_d1708884